| 000 | 00812nam a2200205 i 4500 | ||
|---|---|---|---|
| 001 | 180552 | ||
| 003 | ES-MaACL | ||
| 005 | 20230906221129.0 | ||
| 008 | 120613s1974 sp |||| | spa d | ||
| 080 | _a582.28:581.1(043.2) | ||
| 080 | _a581.1:582.28(043.2) | ||
| 100 | 1 |
_aNadal Puigdefábregas, Martín. _9150516 |
|
| 245 | 1 | 0 |
_aEstudios biométricos y ritmos de organización en conidios de fusarium, alternaria y spiloceae / _cpor Martín Nadal Puigdefábregas. |
| 260 |
_aBarcelona : _bUniversidad de Barcelona, Secretariado de Publicaciones, Intercambio Científico y Estensión Universitaria, _c1974. |
||
| 300 |
_a21 p. ; _c24 cm. |
||
| 502 | _aTesis-Universidad Barcelona (Extracto) | ||
| 650 | 4 |
_aHongos. _9142487 |
|
| 710 | 2 |
_aUniversidad de Barcelona. _97141 |
|
| 852 |
_aES-MaACL _jE-15362(123) |
||
| 999 |
_c180552 _d180552 |
||